Processes In Writing : (Record no. 6585)
[ view plain ]
| 000 -LEADER | |
|---|---|
| fixed length control field | 00728nam a2200253 a 4500 |
| 001 - CONTROL NUMBER | |
| JCCL Control Number | 6585 |
| 003 - CONTROL NUMBER IDENTIFIER | |
| JCCL marc code | BD-JhCC |
| 005 - DATE AND TIME OF LATEST TRANSACTION | |
| control field | 20180125193900.0 |
| 008 - FIXED-LENGTH DATA ELEMENTS--GENERAL INFORMATION | |
| fixed length control field | 180125s1961 cau |||| |||| 000 0 eng d |
| 035 ## - SYSTEM CONTROL NUMBER | |
| system control number | (BD-JhCC)6585 |
| 040 ## - CATALOGING SOURCE | |
| Original cataloging agency | BD-JhCC |
| Modifying agency | BD-JhCC |
| 041 ## - LANGUAGE CODE | |
| Language code of Book | eng |
| 082 ## - DEWEY DECIMAL CLASSIFICATION NUMBER | |
| Classification number | 425.0711 |
| Author mark and Year | AND 1961 |
| 100 ## - MAIN ENTRY--PERSONAL NAME | |
| Personal name | Anderson, Albert T. |
| 245 ## - TITLE STATEMENT | |
| Title | Processes In Writing : |
| Remainder of title | A Guide to Effectifve Communication / |
| Statement of responsibility, etc | Albert T. Anderson and Thurston Womack, |
| 250 ## - EDITION STATEMENT | |
| Edition statement | Second Edition |
| 260 ## - PUBLICATION, DISTRIBUTION, ETC. (IMPRINT) | |
| Place of publication, distribution, etc | San Francisco : |
| Name of publisher, distributor, etc | Wadsworth Publishing Company, Inc., |
| Date of publication, distribution, etc | 1961. |
| 300 ## - PHYSICAL DESCRIPTION | |
| Pagination | vi, 240 p. : |
| Dimensions | 25 cm. |
| 650 ## - SUBJECT ADDED ENTRY--TOPICAL TERM | |
| Topical term or geographic name as entry element | English Language |
| 650 ## - SUBJECT ADDED ENTRY--TOPICAL TERM | |
| Topical term or geographic name as entry element | Rhetoric |
| 700 ## - ADDED ENTRY--PERSONAL NAME | |
| Personal name | Womack, Thurston |
| 942 ## - ADDED ENTRY ELEMENTS (KOHA) | |
| Source of classification or shelving scheme | Dewey Decimal Classification |
| Koha item type | Books |
| Source of classification or shelving scheme | Damaged status | Not for loan | Home library | Current library | Shelving location | Date of accession | Total Checkouts | Full call number | Barcode | Date last seen | Copy number | Koha item type |
|---|---|---|---|---|---|---|---|---|---|---|---|---|
| Dewey Decimal Classification | JCC Rouf Library | JCC Rouf Library | General Stacks | 01/25/2018 | 425.0711 AND 1961 | 8077 | 01/25/2018 | C-1 | Books |